[Event "IND-ch (Women) 48th"]
[Site "Hatkanangale"]
[Date "2023.01.03"]
[Round "9"]
[White "Elakshi, Srivastava"]
[Black "Prabhu, Trupti"]
[Result "1-0"]
[WhiteElo "1387"]
[BlackElo "1286"]
[PlyCount "105"]
[EventDate "2022.12.26"]
[EventType "swiss"]
[EventRounds "11"]
[EventCountry "IND"]
[SourceTitle "CBM 212 Extra"]
[Source "ChessBase"]
[SourceDate "2023.03.31"]
[SourceVersion "1"]
[SourceVersionDate "2023.03.31"]
[SourceQuality "1"]

1. Nf3 d5 2. b3 Bf5 3. Bb2 e6 4. e3 c5 5. Ne5 a6 6. d4 cxd4 7. exd4 Nc6 8. Bd3 Bxd3 9. Qxd3 Rc8 10. c3 Qg5 11. 0-0 Nxe5 12. dxe5 Qxe5 13. Nd2 Nf6 14. Rfe1 Qd6 15. Rad1 Be7 16. Qf3 0-0 17. g4 Qc7 18. h4 Nd7 19. g5 Ne5 20. Qh3 Ng6 21. Nf3 Nf4 22. Qg4 f6 23. Nd4 f5 24. Qf3 e5 25. Bc1 Nh3+ 26. Qxh3 exd4 27. Rxd4 Qxc3 28. Qxc3 Rxc3 29. Bd2 Rc7 30. Rxd5 Bc5 31. Ree5 Rfc8 32. Rxf5 Ba7 33. Bb4 Rc2 34. a3 g6 35. Rf6 Re8 36. Rd7 Rxf2 37. Rxf2 Re2 38. Rdf7 Bxf2+ 39. Rxf2 Re4 40. Bf8 Re5 41. Bh6 Rf5 42. Rxf5 gxf5 43. Kf2 Kf7 44. h5 b5 45. Ke3 a5 46. Kf4 a4 47. bxa4 bxa4 48. Kxf5 Kg8 49. g6 hxg6+ 50. hxg6 Kh8 51. Kf6 Kg8 52. g7 Kh7 53. Kf7 1-0

[Event "IND-ch U15 Girls 38th"]
[Site "New Delhi"]
[Date "2022.12.05"]
[Round "10"]
[White "Elakshi, Srivastava"]
[Black "Prakash, Vaishnavi"]
[Result "0-1"]
[WhiteElo "1381"]
[BlackElo "1224"]
[PlyCount "63"]
[EventDate "2022.11.28"]
[EventType "swiss"]
[EventRounds "11"]
[EventCountry "IND"]
[SourceTitle "CBM 211 Extra"]
[Source "ChessBase"]
[SourceDate "2023.01.31"]
[SourceVersion "1"]
[SourceVersionDate "2023.01.31"]
[SourceQuality "1"]

1. Nf3 Nf6 2. b3 e6 3. Bb2 d5 4. d4 Be7 5. e3 b6 6. Bd3 Nbd7 7. Nbd2 Bb7 8. 0-0 0-0 9. a3 Rc8 10. Ne5 c5 11. c4 Ne4 12. f3 cxd4 13. Nxd7 Nxd2 14. Nxf8 Nxf1 15. Qxf1 dxe3 16. Nxh7 dxc4 17. Bxc4 Bc5 18. Nf6+ gxf6 19. Qe2 f5 20. Kh1 Qd2 21. Qxd2 exd2 22. Rd1 Be3 23. Be2 Rc2 24. Be5 Bd5 25. g3 Rc1 26. Bb2 Rc2 27. Rb1 Bxb3 28. h4 Rc1+ 29. Bxc1 dxc1Q+ 30. Rxc1 Bxc1 31. g4 fxg4 32. fxg4 0-1